000 00691cam a22002413a 4500
001 17734
003 PGUSA
005 20140828083358.0
008 060209s2006||||xxu|||||s|||||000 | eng d
040 _aPGUSA
_beng
042 _adc
050 4 _aB
100 1 _aTaine, Hippolyte,
_d1828-1893
245 1 0 _aLe positivisme anglais :
_bEtude sur Stuart Mill
_h[electronic resource] /
_cHippolyte Taine
260 _bProject Gutenberg,
_c2006
506 _aPublic domain in the USA.
516 _aElectronic text
653 _aPositivism
653 _aMill, John Stuart, 1806-1873
830 0 _aProject Gutenberg
_v17734
856 4 0 _uhttp://www.gutenberg.org/ebooks/17734
942 _cEB
999 _c246989
_d246989